000
00312nam a22001337a 4500
008
170524b xxu||||| |||| 00| 0 eng d
020
_a
9788120330207
041
_a
eng
080
_2
6 ED
_a
62
100
_a
26
101
_a
IN
245
_a
SOLID STATE ELECTRONIC DEVICES
_c
STREETMAN.B.G
942
_2
udc
_c
BK
999
_c
14055
_d
14055